Truyền tin số

Đặc điểm của truyền hình Analog: quá trình phát triển truyền hình, cấu tạo của các Camera truyền hình, một vài đặc điểm hình ảnh, phương pháp quét hình, tín hiệu truyền hình, các xung đồng bộ. Cơ sở truyền tin số, số hoá âm, đặc điểm tr...

Celý popis

Uloženo v:
Podrobná bibliografie
Hlavní autor: Vũ, Anh Phi
Médium: Kniha
Jazyk:Undetermined
Vydáno: Hà Nội Đại học Quốc gia Hà Nội 2004
Témata:
Tagy: Přidat tag
Žádné tagy, Buďte první, kdo otaguje tento záznam!
Thư viện lưu trữ: Trung tâm Học liệu Trường Đại học Cần Thơ
LEADER 00985nam a2200205Ia 4500
001 CTU_96874
008 210402s9999 xx 000 0 und d
020 |c 13800 
082 |a 621.388 
082 |b Ph300 
100 |a Vũ, Anh Phi 
245 0 |a Truyền tin số 
245 0 |c Vũ Anh Phi 
260 |a Hà Nội 
260 |b Đại học Quốc gia Hà Nội 
260 |c 2004 
520 |a Đặc điểm của truyền hình Analog: quá trình phát triển truyền hình, cấu tạo của các Camera truyền hình, một vài đặc điểm hình ảnh, phương pháp quét hình, tín hiệu truyền hình, các xung đồng bộ. Cơ sở truyền tin số, số hoá âm, đặc điểm truyền hình số 
650 |a Television,Communication in engineering,Digital television,Television transmission 
904 |i Năm 
980 |a Trung tâm Học liệu Trường Đại học Cần Thơ